| 000 | 00757nam a2200289Ia 4500 | ||
|---|---|---|---|
| 008 | 160803s9999 xx 000 0 und d | ||
| 020 | _a 978-0803735514 | ||
| 100 | _aBuehner, Caralyn | ||
| 245 | _aSnowmen at Christmas / | ||
| 245 | _cCaralyn Buehner ; pictures by Mark Buehner. | ||
| 260 | _aNew York : | ||
| 260 | _bScholastic Inc. | ||
| 260 | _c2005 | ||
| 300 | _a1 volume (unpaged) : | ||
| 300 | _bcolor illustrations ; | ||
| 300 | _c29 cm | ||
| 650 | _aChristmas stories. | ||
| 650 | _aParties -- | ||
| 650 | _aSnowmen -- | ||
| 650 | _aSnowmen -- | ||
| 650 | _aStories in rhyme -- | ||
| 650 | _xFiction. | ||
| 650 | _xJuvenile fiction. | ||
| 650 | _xJuvenile fiction. | ||
| 650 | _xJuvenile fiction. | ||
| 700 | _a910 | ||
| 999 |
_c298331 _d298331 |
||